| 000 | 00764nam a2200265Ia 4500 | ||
|---|---|---|---|
| 003 | OSt | ||
| 005 | 20220918191037.0 | ||
| 006 | a|||||r|||| 00| 0 | ||
| 007 | ta | ||
| 008 | 220917b |||||||| |||| 00| 0 eng d | ||
| 024 | _a61,137 | ||
| 037 | _cTextual | ||
| 040 |
_aARTS _cARTS _beng |
||
| 041 |
_2eng _aeng |
||
| 082 | _aQ6v6, L9 | ||
| 100 |
_aBond George Ed. _974678 |
||
| 245 | 0 |
_aAfrican Christianity _b patterns of religious continuity |
|
| 260 |
_aNewYork _bAcademic Press _c1979 |
||
| 300 |
_a175p _ccm. |
||
| 650 | _aRELIGION | ||
| 700 |
_a Johnson Walton Ed. _974679 |
||
| 700 |
_a Walker Sheila Ed. _974680 |
||
| 942 |
_hQ6v6, L9 _cTEXL _2CC |
||
| 999 |
_c188000 _d188000 |
||